000 00678nam a2200205 4500
001 116386
003 ES-MaACL
005 20231221183855.0
007 t|
008 061121s1930 sp r ||||1| spa d
100 1 _aOssorio y Gallardo, Ángel,
_d1873-1946
_9138613
245 1 0 _aCivilidad /
_cdiscurso pronunciado por Angel Ossorio y Gallardo.
260 _aMadrid :
_bJuan Pueyo,
_c1930.
300 _a48 p. ;
_c19 cm.
490 1 _aEstudios políticos, sociales y económicos
651 4 _aEspaña-
_xHistoria-
_y1923-1930, Dictadura.
_98281
830 0 _aEstudios políticos, sociales y económicos
_9186367
852 _aES-MaACL
_j1947-F-14
999 _c116386
_d116386